Religious Figures by First Names Quiz Stats

 Plays Quiz Updated Dec 2, 2019

Score 0/24 Timer 05:00
8 Plays Today
% Correct
JESUS Christ
93.8%
MALCOLM X
88%
JOAN of Arc
87%
MOHANDAS Gandhi
85%
DESMOND Tutu
82.9%
SIDDHĀRTHA Gautama
80.1%
RUHOLLAH Khomeini
75.3%
MARTIN Luther
67.9%
MARY Baker Eddy
66.7%
TENZIN Gyatso
66.7%
DEEPAK Chopra
65.6%
KAROL Wojtyła
(Pope John Paul II)
57.3%
% Correct
WILLIAM [Billy] Graham
51.6%
JORGE MARIO Bergoglio
(Pope Francis)
51.3%
CLIVE STAPLES
[C.S.] Lewis
51.2%
ANJEZË GONXHE
Bojaxhiu
(Mother Teresa)
50.7%
BRIGHAM Young
50.2%
THOMAS Aquinas
42.7%
L. RON Hubbard
41.6%
IGNATIUS of Loyola
40.3%
JOSEPH Smith
39.7%
GEORGE Fox
39.4%
ALBERT Schweitzer
36.5%
JOHN Calvin
31.9%

You're not logged in!

Compare scores with friends on all Sporcle quizzes.
OR
Log In

Sporcle TV

Today on Sporcle TV


Watch our educational content, quiz creation guides, and fun videos on Sporcle TV.

Show Comments

Extras

Top Quizzes Today


Score Distribution

Your Account Isn't Verified!

In order to create a playlist on Sporcle, you need to verify the email address you used during registration. Go to your Sporcle Settings to finish the process.

Report this User

Report this user for behavior that violates our Community Guidelines.

Details: